Destination Air France - Statistiques

Statistiques générales
  • Ce quiz a été pris 274 fois
  • Le résultat moyen est 87 sur 164
Statistiques - réponses
Hint Réponse % Correct
JFK New York John F. Kennedy
94%
EWR New York Newark Liberty
94%
LAX Los Angeles
91%
ALG Alger
90%
MEX Mexico
89%
ATL Atlanta
88%
MAD Madrid
86%
TUN Tunis
86%
LIS Lisbonne
85%
NCE Nice
85%
MRS Marseille
83%
OSL Oslo
83%
BER Berlin
82%
MIA Miami
82%
HND Tokyo Haneda
82%
NRT Tokyo Narita
82%
TLS Toulouse
82%
LYS Lyon
81%
PEK Pekin
81%
BCN Barcelone
80%
DUB Dublin
80%
IST Istanbul
80%
LHR Londres
79%
BOG Bogota
78%
DXB Dubaï
78%
HEL Helsinki
78%
VIE Vienne
78%
AMS Amsterdam
77%
ATH Athènes
77%
BOD Bordeaux
77%
CAS Casablanca
77%
GIG Rio de Janneiro
77%
FCO Rome
76%
SIN Singapour
76%
ORY Orly
75%
BUD Budapest
74%
FDF Fort de France
74%
HKG Hong Kong
74%
LIM Lima
74%
YUL Montréal
74%
NAP Naples
74%
MUN Munich
73%
NTE Nantes
73%
SFO San Francisco
73%
DEL Delhi
71%
CAI Le Caire
71%
MAN Manchester
71%
RBA Rabat
71%
VCE Venise
71%
AJA Ajaccio
70%
CUN Cancun
70%
HAV La Havane
70%
SEA Seattle
70%
BOS Boston
69%
CPH Copenhague
69%
DSS Dakar
69%
MPL Montpellier
69%
PRG Prague
69%
WAW Warsaw
68%
ZRH Zurich
68%
ICN Seoul
67%
TLV Tel Aviv
67%
IAD Washington
67%
HAM Hambourg
66%
ABJ Abidjan
65%
EZE Buenos Aires
64%
RNS Rennes
64%
PVG Shanghai
64%
SXB Strasbourg
64%
ZAG Zagreb
64%
bkk Bangkok
63%
BST Brest
63%
YYZ Toronto
63%
CAY Cayenne
61%
FLR Florence
61%
GVA Geneve
61%
RAK Marrakech
61%
BOM Mumbai
61%
ORN Oran
61%
GRU Sao Paulo
61%
ARN Stockholm
59%
YOW Ottawa
58%
JNB Johannesburg
57%
BKO Bamako
56%
BIA Bastia
56%
DFW Dallas
55%
GLA Glasgow
55%
PTP Pointe a Pitre
55%
TRN Turin
55%
NBO Nairobi
54%
RUN Saint Denis
54%
VLC Valence
53%
YVR Vancouver
53%
OTP Bucarest
52%
SVQ Séville
52%
LOS Lagos
51%
SCL Santiago du Chili
51%
ZNZ Zanzibar
49%
LJU Ljubljana
47%
BIQ Biarritz
46%
BZV Brazzaville
46%
OUA Ouagadougou
46%
CKY Conakry
43%
AGP Malaga
43%
KIX Osaka
42%
EVN Erevan
41%
FAO Faro
41%
CPT La Cap
41%
SXM Saint Martin
41%
PTY Panama
40%
AUH Abu Dhabi
39%
BLQ Bologne
39%
FIH Kinshasa
39%
KRK Krakow
39%
LBV Libreville
39%
PPT Papeete
39%
SJO San José
39%
ACC Accra
38%
DAR Dar es Salaam
34%
PMI Palma de Majorque
34%
TBS Tbilissi
34%
NYM Niamey
33%
BIO Bilbao
32%
FOR Fortaleza
32%
JIB Djibouti
31%
DBV Dubrovnik
31%
LFW Lomé
31%
CDG Paris Charles de Gaulle
31%
NKC Nouakchott
30%
DLA Douala
29%
PUF Pau
29%
NSI Yaoundé
29%
COO Cotonou
28%
INN Innsbruck
28%
TNA Antananarivo
27%
MRU Port Louis
27%
ABV Abuja
26%
LAD Luanda
25%
NUE Nuremberg
24%
FSC Figari
23%
GOT Gothenburg
23%
STR Stuttgart
23%
EDI Edinburgh
22%
NCL Newcastle
21%
BGF Bangui
17%
BGO Bergen
17%
BEY Beirut
16%
BLL Billund
15%
MAA Chennai
15%
PNR Pointe Noire
15%
LIN Milan Linate
14%
MXP Milan Malpensa
14%
RVN Rovaniemi
14%
BLR Bengaluru
12%
RDU Raleigh-Durham
12%
HAJ Hannover
10%
SSG Malabo
10%
SGN Ho Chi Minh City
9%
KTT Kittila
8%
BSL Basel Mulhouse
4%
FRA Franchfort
2%
CLY Clavi
1%
IAH Houtson
1%
BHX Brimingham
0%
Aucun quiz correspondant
Distribution des résultats
% des personnes avec chaque résultat
Percentile par nombre de réponses
Votre historique - résultats
Vous n’avez pas pris ce quiz